00342 a2200109 4500001001000000005001700010008004100027245006200068100002200130700002800152773005200180ART_4473920260410161709.0260409a 10aInfracciones atípicas en el derecho tributario nacional1 aAlbornoz, Juan J.1 aPérez, Anahí Flavia0 tRevista Impuestosg- Nº 10 (oct. 2017)wREV639